| 000 | 00534nam a22001937a 4500 | ||
|---|---|---|---|
| 005 | 20221115111048.0 | ||
| 008 | 221115b ||||| |||| 00| 0 eng d | ||
| 040 | _cAL | ||
| 041 | _aEnglish | ||
| 082 |
_223 _a324.254 _bSURB |
||
| 100 |
_aHarkishan Singh Surjeet _961966 |
||
| 245 | _aBJP Exposed: No More of this government | ||
| 260 |
_aNew Delhi _bCPI Publications |
||
| 300 |
_a12 p. _bPB _c21x13 cm. |
||
| 650 |
_aBJP _961967 |
||
| 650 |
_aGovernment _961968 |
||
| 700 |
_aSURJEET (Harkishan Singh) _961969 |
||
| 942 |
_2ddc _cGF |
||
| 999 |
_c225150 _d225150 |
||